000 00935nam a2200217Ii 4500
003 JO-AjNU
008 230605s9999||||xx |||||||||||||| ||und||
040 _aJO-AjNU
_bara
_erda
_cJO-AjNU
041 _aara
050 1 4 _aHN40.M6.S4 1981
100 3 _aتأليف : شلبي، احمد,
_eauthor
_912908
245 0 0 _aالحياة الاجتماعية في التفكير الاسلامي : مباحث اجتماعية في نطاق الاسرة وفي نطاق المجتمع وفي نطاق المال
250 _aط2
264 3 1 _aالقاهرة: مكتبة النهضة المصرية، 1981
300 _a392ص
_bيحتوي على ببلوغرافية من 389-392ص
336 _atext
_btxt
_2rdacontent
337 _aunmediated
_bn
_2rdamedia
338 _avolume
_bnc
_2rdacarrier
490 0 _aسلسلة موسوعة النظم والحضارة الاسلامية؛ 5
650 4 _aالإسلام والمجتمع 
_912909
999 _aA3075
_c6643
_d6643